| 000 | 00703cab a2200205 4500 | ||
|---|---|---|---|
| 001 | ABS38635 | ||
| 008 | 090401t1988 xxu||||| |||| 00| 0 eng d | ||
| 035 | _a(Sirsi) u11632 | ||
| 041 | _aeng | ||
| 100 | _aEvans, J.W. | ||
| 245 | _aHousing finance in Europe | ||
| 260 | _c1988 | ||
| 350 | _a0 | ||
| 490 |
_aCBSI _vJournal 185(41) January 1988, 202-204(3) |
||
| 520 | _aLooks at how different Europe an countries cope with the problems of housing finance covering the deposit-taking systems, as in England, mortgage bank systems and contract systems, mainly concentrating on West Germany , Denmark and France . | ||
| 650 | _aMORTGAGES | ||
| 690 | _aOVERSEAS | ||
| 942 | _n0 | ||
| 948 | _c04/03/1997 | ||
| 999 |
_c7423 _d7423 |
||